Centre retailing (Record no. 109229)

MARC details
000 -LEADER
fixed length control field 01201cam a22002295a 4500
001 - CONTROL NUMBER
control field L146583
008 - FIXED-LENGTH DATA ELEMENTS--GENERAL INFORMATION
fixed length control field 090205s2008 xxkad f 000 0 eng d
035 ## - SYSTEM CONTROL NUMBER
System control number (Sirsi) u146583
041 0# - LANGUAGE CODE
Language code of text/sound track or separate title eng
050 04 - LIBRARY OF CONGRESS CALL NUMBER
Classification number 381.1 $2 21
110 2# - MAIN ENTRY--CORPORATE NAME
Corporate name or jurisdiction name as entry element Estates Gazette
9 (RLIN) 298
245 00 - TITLE STATEMENT
Title Centre retailing
260 ## - PUBLICATION, DISTRIBUTION, ETC.
Place of publication, distribution, etc. London
Name of publisher, distributor, etc. EG
Date of publication, distribution, etc. 2008
300 ## - PHYSICAL DESCRIPTION
Extent 163p.
Other physical details ill.
Dimensions 30cm.
505 2# - FORMATTED CONTENTS NOTE
Formatted contents note Foreword ? Features ? Research ? Reference ? Retail directory ? Shopping centre directory
520 ## - SUMMARY, ETC.
Summary, etc. Provides a reference point for those involved in shopping centres. Features section includes articles on a range of issues from diversification to sustainability to investment and agencies. Research reports on asset management, results of a sustainability survey and case study reports on Turkey and the Ukraine. Reference section provides snapshots of the shopping centre scene in a number of European countries. Contains a retail directory of agents and services and a directory of shopping centres in the UK and Europe, arranged on a country-by-country basis.
521 20 - TARGET AUDIENCE NOTE
Target audience note Introductory
590 ## - LOCAL NOTE (RLIN)
Local note KA
651 #4 - SUBJECT ADDED ENTRY--GEOGRAPHIC NAME
Geographic name International
690 ## - LOCAL SUBJECT ADDED ENTRY--TOPICAL TERM (OCLC, RLIN)
Topical term or geographic name as entry element PROPERTY-COMMERCIAL PROPERTY-COMMERCIAL PROPERTY MARKET
942 ## - ADDED ENTRY ELEMENTS (KOHA)
Suppress in OPAC 0
Holdings
Withdrawn status Lost status Source of classification or shelving scheme Damaged status Not for loan Home library Current library Shelving location Date acquired Total Checkouts Full call number Barcode Date last seen Copy number Price effective from Koha item type
    Dewey Decimal Classification     London London Basement 05/02/2009   BASEMENT 30071165 06/08/2019 1 06/08/2019 Book